Statistics for NBA Teams with over 2 Championship won

Click here to take the quiz!

General Stats

  • This quiz has been taken 25 times
  • The average score is 10 of 11

Answer Stats

HintAnswer% Correct
17Boston Celtics
100%
7Golden State Warriors
100%
17Los Angeles Lakers
100%
6Chicago Bulls
96%
3Miami Heat
96%
5San Antonio Spurs
92%
2Houston Rockets
88%
3Detroit Pistons
84%
3Philadelphia 76ers
84%
2New York Knicks
80%
2Milwaukee Bucks
76%

Score Distribution

Percentile by Number Answered

Percent of People with Each Score

Your Score History

You have not taken this quiz